Fëanor's Sons: Name Meanings - Statistics

General Stats
  • This quiz has been taken 8 times
  • The average score is 9 of 17
Answer Stats
First son of Fëanor: % Correct
His first epessë: Russandol Copper top
100%
His father-name: Nelyafinwë Finwë the Third
80%
His mother-name: Maitimo Well-shaped one
80%
His father-name: Morifinwë Dark Finwë
60%
His father-name: Telufinwë Last Finwë
60%
His mother-name: Atarinkë Little father
60%
His mother-name: Carnistir Red-face
60%
His father-name: Curufinwë Skilled Finwë
60%
His father-name: Pityafinwë Small Finwë
60%
His mother-name: Umbarto The fated
60%
His mother-name: Makalaurë Gold-cleaver
40%
His mother-name Tyelkormo Hasty-riser
40%
His second epessë: Maedhros Shapely and red-haired
40%
His father-name: Turcafinwë Strong Finwë
40%
His father-name: Kanafinwë Strong-voiced Finwë
40%
His mother-name: Ambarussa Top-russet
40%
What Feanor changed the above to: Ambarto Upwards exalted
20%
No matching quizzes found
Score Distribution
Percent of People with Each Score
Percentile by Number Answered
Your Score History
You have not taken this quiz